PERFORMANCE MANAGEMENT SYSTEMS : An Experiential Approach

Bibliographic Details
Main Authors: Arup, Varma (Author), Pawan, Budhwar (Author)
Format: Book
Published: London : SAGE Publications Ltd 2020
Subjects:

MARC

LEADER 00000cam a2200000 7i4500
001 0000282675
005 20210603094954.0
020 |a 9781473975750 
090 0 0 |a 658.3125   |b ARU 
100 0 |a Arup, Varma ,   |e author 
245 1 0 |a PERFORMANCE MANAGEMENT SYSTEMS :   |b An Experiential Approach   |c Arup Varma & Pawan Budhwar 
264 0 |c ©2020 
264 1 |a London :   |b SAGE Publications Ltd   |c 2020 
300 |a xxi, 201 pages ;   |c 24 cm. 
336 |a text  |2 rdacontent 
337 |a unmediated  |2 rdamedia 
338 |a volume  |2 rdacarrier 
650 0 |a Employees   |x Rating of 
650 0 |a Performance   |x Management 
700 0 |a Pawan, Budhwar ,   |e author 
999 |a 00391324   |b BUKU   |c RUJUKAN   |e PERPUSTAKAAN KOMUNITI PETALING JAYA